[Event "Floripa Chess Open 2024"]
[Site "Florianopolis"]
[Date "2024.01.21"]
[Round "2.195"]
[White "Gomes, Joao Paulo Santos"]
[Black "De Andrade, Arthur Batuli"]
[Result "1-0"]
[WhiteElo "1514"]
[BlackElo "1800"]
[PlyCount "99"]
[EventDate "2024.01.20"]
[EventRounds "10"]
[EventCountry "BRA"]

1. c4 c6 2. g3 d5 3. Nf3 Nf6 4. Bg2 e5 $146 ({RR} 4... h6 5. O-O Bf5 6. cxd5
cxd5 7. Qb3 Qb6 8. Qxb6 axb6 9. Nc3 e6 10. d3 Nc6 11. Be3 Bc5 12. Nb5 Ke7 13.
d4 Ra5 14. dxc5 Rxb5 15. cxb6 Ra8 16. Rfc1 Rxb2 17. Nd4 Raxa2 18. Nxc6+ bxc6
19. Rxa2 {Silva Nazzari,R-Bauza,L Uruguay 1961 1-0}) ({RR} 4... a6 5. O-O dxc4
6. a4 Nbd7 7. Qc2 e5 8. Qxc4 Nc5 9. Ng5 Qc7 10. d4 exd4 11. Bf4 Qe7 12. Nd2 h6
13. Ngf3 Be6 14. Qxd4 Rd8 15. Qc3 Nd5 16. Qc2 f6 17. Ra3 Qd7 18. Nc4 Bf5 19.
Qc1 {Reinderman,D (2608)-Ernst,S (2572) Eindhoven 2010 0-1 (59)}) ({RR} 4... h6
5. O-O dxc4 6. Na3 Be6 7. Qc2 Qd5 8. Ne1 Qe5 9. d3 cxd3 10. Nxd3 Qc7 11. Nc5
Bc8 12. Nc4 e5 13. b4 Bxc5 14. bxc5 O-O 15. Rb1 Be6 16. Nd6 b6 17. Nb5 Qc8 18.
Ba3 cxb5 19. Bxa8 {Simon,H (2151)-Bruchmann,N (2042) Germany 2012 1-0 (55)}) ({
RR} 4... Bg4 5. h3 Bxf3 6. Bxf3 Nbd7 7. cxd5 cxd5 8. O-O e6 9. Nc3 Be7 10. d3
O-O 11. Bg2 Rc8 12. Be3 Ne5 13. f4 Nc6 14. Bf2 d4 15. Nb5 Bc5 16. Qa4 Nd5 17.
Rac1 Qb6 18. Na3 Ne3 19. Nc4 {Lombardy,W-Pomar Salamanca,A Olot 1974 1/2-1/2})
5. Nxe5 Bd6 6. Nf3 dxc4 7. Qc2 O-O 8. Qxc4 Qe7 9. Nc3 Be6 10. Qh4 Re8 11. O-O
Bb4 12. Re1 Bxc3 13. dxc3 Nbd7 14. Bg5 Nf8 15. Bxf6 Qxf6 16. Qxf6 gxf6 17. Nd4
Rad8 18. Nxe6 fxe6 19. Rad1 Rb8 20. Rd3 Ng6 21. f4 Red8 22. Red1 Rxd3 23. Rxd3
e5 24. e3 c5 25. Rd7 b5 26. Rxa7 b4 27. Ra8 Rxa8 28. Bxa8 Kf7 29. cxb4 cxb4 30.
Kf2 Ke7 31. Kf3 f5 32. e4 fxe4+ 33. Bxe4 Kd6 34. Bxg6 hxg6 35. fxe5+ Kxe5 36.
Ke3 Kf5 37. a4 bxa3 38. bxa3 Ke5 39. a4 Kd6 40. Kf4 Kc5 41. Kg5 Kb4 42. Kxg6
Kxa4 43. h4 Kb4 44. Kg7 Kc4 45. h5 Kd4 46. h6 Ke4 47. h7 Kf3 48. h8=Q Kxg3 49.
Qf8 Kg2 50. Qf4 1-0

[Event "Floripa Chess Open 2024"]
[Site "Florianopolis"]
[Date "2024.01.21"]
[Round "2.197"]
[White "Nobre, Jailson Altair Barb"]
[Black "De Oliveira, Lucas Silva"]
[Result "0-1"]
[WhiteElo "1512"]
[BlackElo "1800"]
[PlyCount "63"]
[EventDate "2024.01.20"]
[EventRounds "10"]
[EventCountry "BRA"]

1. Nf3 d5 2. c4 e6 3. g3 Nf6 4. Bg2 a6 5. b3 g6 $146 ({RR} 5... Bd6 6. O-O O-O
7. Bb2 Nbd7 8. d3 c5 9. Nbd2 Rb8 10. e4 d4 11. Qe2 e5 12. Nh4 g6 13. f4 exf4
14. gxf4 Nh5 15. e5 Qxh4 16. exd6 Nxf4 17. Qe4 Nxg2 18. Qxg2 Ne5 19. Nf3 Qf4
20. Bc1 {Borik,O (2395)-Findlay,D Cleveland (Cleveland) 1979 0-1 (53)}) ({RR} 
5... c5 6. O-O Be7 7. e3 O-O 8. Bb2 b5 9. cxd5 Nxd5 10. d4 Nd7 11. e4 N5b6 12.
Nbd2 Bb7 13. Qe2 Rc8 14. Rfd1 c4 15. Rac1 cxb3 16. axb3 Rxc1 17. Rxc1 Qa8 18.
d5 exd5 19. e5 Rc8 20. Re1 {Matlakov,M (2673)-Aleksandrov,A (2607)
Khanty-Mansiysk 2012 1/2-1/2 (53)}) ({RR} 5... d4 6. O-O c5 7. b4 Nc6 8. bxc5
Bxc5 9. Ba3 Qe7 10. Bxc5 Qxc5 11. d3 e5 12. Nbd2 O-O 13. Rb1 h6 14. Qa4 Re8 15.
Nb3 Qd6 16. Nfd2 Bd7 17. c5 Qe6 18. Nc4 Ne7 19. Qa3 Bc6 20. Nba5 {Krivonosov,O
(2364)-Kazakouski,V (2528) Lithuania LTU 2023 1/2-1/2 (35)}) ({RR} 5... Bd6 6.
Bb2 Qe7 7. O-O Nbd7 8. d4 dxc4 9. bxc4 c5 10. e3 O-O 11. Ne5 Rd8 12. Qe2 Nf8
13. f4 Ne8 14. Nd2 cxd4 15. exd4 Ba3 16. Bc3 f6 17. Nd3 Rb8 18. Rab1 b5 19. c5
a5 20. Nb3 {Kortschnoj,V (2635)-Kurajica,B (2495) Sarajevo 1984 1-0 (45)}) 6.
Bb2 Bg7 7. O-O O-O 8. e3 c5 9. d4 dxc4 10. bxc4 Qc7 11. Nbd2 Nbd7 12. Qc2 b6
13. Ne5 Bb7 14. Nxd7 Nxd7 15. d5 exd5 16. cxd5 b5 17. Bxg7 Kxg7 18. Qc3+ Qe5
19. Rac1 c4 20. e4 Qxc3 21. Rxc3 Rae8 22. f4 f6 23. a4 Nc5 24. axb5 axb5 25.
Rb1 Ba6 26. Ra1 Rf7 27. Rca3 Ra7 28. Bf1 Rea8 29. e5 fxe5 30. fxe5 b4 31. Ra5
c3 32. Rxa6 0-1

[Event "Floripa Chess Open 2024"]
[Site "Florianopolis"]
[Date "2024.01.21"]
[Round "2.198"]
[White "De Oliveira Fernandes, Luis Felipe Araujo"]
[Black "Vieira, Luana Saddi"]
[Result "0-1"]
[WhiteElo "1800"]
[BlackElo "1501"]
[PlyCount "46"]
[EventDate "2024.01.20"]
[EventRounds "10"]
[EventCountry "BRA"]

1. c4 Nf6 2. Nc3 g6 3. Nf3 Bg7 4. g3 O-O 5. Bg2 d6 6. O-O e5 7. d4 exd4 8. Nxd4
Nbd7 9. b3 Rb8 ({RR} 9... a5 10. e4 Re8 11. Be3 Nc5 12. f3 c6 13. Qd2 h5 14. h3
Nfd7 15. Rae1 Nb6 16. a4 Nbd7 17. Qc2 Qb6 18. Rb1 Nf8 19. Bf2 Nfe6 20. Nxe6
Bxe6 21. f4 Qc7 22. Ne2 b6 23. Nd4 Bd7 24. Rbe1 {Tari,A (2630)-Praggnanandhaa,
R (2567) chess24.com INT 2019 0-1 (52)}) ({RR} 9... Ne5 10. Bb2 Rb8 11. Qd2 Bd7
12. Rfd1 Qe7 13. Rac1 Rfe8 14. e3 a6 15. h3 h5 16. Nd5 Nxd5 17. cxd5 c5 18.
dxc6 bxc6 19. f4 c5 20. fxe5 cxd4 21. exd4 dxe5 22. dxe5 Bf5 23. Re1 Rbd8 24.
Qf4 {Ribeiro,M (2115)-Tarnowska,A (1860) chess.com INT 2023 1-0 (32)}) 10. Ndb5
$146 ({RR} 10. Bb2 Re8 11. Qd2 Nc5 12. Rae1 Nce4 13. Nxe4 Nxe4 14. Qc2 Qe7 15.
f3 Ng5 16. e4 Bh3 17. Bxh3 Nxh3+ 18. Kg2 Ng5 19. h4 Ne6 20. Nxe6 Qxe6 21. Bxg7
Kxg7 22. f4 f6 23. Qc3 Re7 24. Re3 Rbe8 {Ebner,F (2000)-Titz,H (1996) Vienna
2002 1-0 (80)}) ({RR} 10. Bb2 Nc5 11. Qd2 Re8 12. f3 Ne6 13. Nc2 Bd7 14. e4 a6
15. Ne3 Rf8 16. Rad1 Rc8 17. f4 Bc6 18. b4 Ne8 19. f5 Ng5 {1-0 (19) Blab,L  
(2146)-Neudel,B (1937) Dresden 2007}) 10... h6 11. Nxa7 Nc5 12. b4 Nfe4 13.
Nxe4 Nxe4 14. Bxe4 Bxa1 15. Be3 Bg7 16. c5 Bh3 17. Re1 dxc5 18. Bxc5 Qxd1 19.
Rxd1 Rfd8 20. Bd3 Bd4 21. Bc4 Bxc5 22. Rxd8+ Rxd8 23. Bd3 Bxa7 0-1

[Event "Floripa Chess Open 2024"]
[Site "Florianopolis"]
[Date "2024.01.21"]
[Round "2.200"]
[White "De Oliveira, Ricardo W Lima"]
[Black "Nicacio, Daniel Ramos"]
[Result "1-0"]
[WhiteElo "1800"]
[BlackElo "1479"]
[PlyCount "106"]
[EventDate "2024.01.20"]
[EventRounds "10"]
[EventCountry "BRA"]

1. d4 Nf6 2. Nf3 g6 3. Bf4 d6 4. c4 Bg7 5. e3 b6 6. Nc3 Bb7 7. Be2 Nbd7 8. Rc1
O-O 9. O-O Nh5 $146 ({RR} 9... c5 10. d5 Nh5 11. Bg5 h6 12. Bh4 f5 13. Nd2 Nhf6
14. f4 a6 15. e4 fxe4 16. Ndxe4 Nxe4 17. Nxe4 Nf6 18. Qc2 Qe8 19. Bd3 Nxe4 20.
Bxe4 Bd4+ 21. Kh1 e5 22. Bxg6 Qd7 23. fxe5 Bxe5 24. Bf5 {Karimov,A (2222)
-Sharmin,S (1812) chess.com INT 2020 1-0 (35)}) ({RR} 9... Ne4 10. Nxe4 Bxe4
11. h3 e5 12. Bh2 f5 13. dxe5 dxe5 14. b4 a5 15. Qb3 Kh8 16. Rfd1 Qe7 17. Rxd7
Qxd7 18. Nxe5 Qd2 19. Qd1 Qxd1+ 20. Rxd1 axb4 21. f3 Rxa2 22. Kf2 Ba8 23. Rd7
b3 24. Ke1 {Allentin,E (1854)-Kuhn,M (1877) Europe-Echecs INT 2021 0-1 (37)})
10. Bg5 h6 11. Bh4 g5 12. Nd2 Nhf6 13. Bg3 e5 14. Bf3 Bxf3 15. Qxf3 Nh7 16.
dxe5 Nxe5 17. Qd5 Nf6 18. Qb5 a6 19. Qb3 Nfd7 20. e4 Nc5 21. Qc2 Ncd3 22. Bxe5
Nxe5 23. Nd5 c6 24. Ne3 Qd7 25. Nf5 Rac8 26. Rfd1 Qe6 27. Nb3 Rfd8 28. Nbd4 Qe8
29. Nxg7 Kxg7 30. Nf5+ Kg6 31. Nxd6 Rxd6 32. Rxd6+ f6 33. Qd2 Qe7 34. Rd1 Rc7
35. f4 Nf7 36. Rd7 Rxd7 37. Qxd7 Qxe4 38. fxg5 Qe3+ 39. Kh1 Ne5 40. Qe8+ Kxg5
41. Qg8+ Kh5 42. Qg3 Qe2 43. Qe1 Qxb2 44. Rd6 Kg5 45. Qe3+ Kf5 46. h3 Qa1+ 47.
Kh2 b5 48. Qxh6 Nf3+ 49. gxf3 Qe5+ 50. Kg2 Qxd6 51. c5 Qf4 52. Qxf4+ Kxf4 53.
h4 a5 1-0

[Event "Floripa Chess Open 2024"]
[Site "Florianopolis"]
[Date "2024.01.21"]
[Round "2.202"]
[White "Dos Santos, Rafaela Alves"]
[Black "Carvalho, Eduardo Meireles"]
[Result "0-1"]
[WhiteElo "1800"]
[BlackElo "1476"]
[PlyCount "56"]
[EventDate "2024.01.20"]
[EventRounds "10"]
[EventCountry "BRA"]

1. e4 c6 2. Nc3 d5 3. exd5 cxd5 4. d4 Nf6 5. Nf3 Bf5 6. Bd3 Bg6 7. Ne5 e6 8.
Bg5 Be7 ({RR} 8... a6 9. Nxg6 hxg6 10. Qe2 Bd6 11. Nxd5 Qa5+ 12. c3 Qxd5 13.
Bxf6 gxf6 14. Be4 Qb5 15. Qxb5+ axb5 16. Bxb7 Ra7 17. Bf3 Na6 18. Bc6+ Ke7 19.
Bxb5 Rb8 20. Bc4 Rxb2 21. Bb3 Nc7 22. c4 Rxb3 23. O-O {Womack,E-Perez Mendoza,
J chess.com INT 2021 0-1 (49)}) 9. Bxf6 gxf6 $146 ({RR} 9... Bxf6 10. Bb5+ Kf8
11. Nxg6+ hxg6 12. Ne2 Qa5+ 13. Nc3 Nc6 14. Bxc6 bxc6 15. Qd3 Rh4 16. Qg3 Re4+
17. Kf1 Qa6+ 18. Qd3 Qxd3+ 19. cxd3 Rxd4 20. Ke2 Rb8 21. b3 Ke7 22. Rac1 Kd6
23. Na4 Rxa4 24. bxa4 {Villamizar Pereira,A (1617)-Caceres Barrera,C (1602)
Santander 2011 0-1 (46)}) 10. Bb5+ Kf8 11. Nf3 a6 12. Bd3 Nd7 13. Qd2 Kg7 14.
h4 h5 15. O-O-O b5 16. Rde1 b4 17. Ne2 Qa5 18. Kb1 Nb6 19. Nf4 Nc4 20. Qc1 Na3+
21. bxa3 bxa3 22. c3 Rab8+ 23. Ka1 Rb2 24. Bxg6 fxg6 25. Nxe6+ Kf7 26. Qe3 Qb5
27. Neg5+ Kg8 28. Qxe7 Rxa2+ 0-1

[Event "Floripa Chess Open 2024"]
[Site "Florianopolis"]
[Date "2024.01.21"]
[Round "2.203"]
[White "Pereira, Francisco Neris"]
[Black "Goncalves, Richard Gabriel Sim"]
[Result "0-1"]
[WhiteElo "1474"]
[BlackElo "1800"]
[PlyCount "86"]
[EventDate "2024.01.20"]
[EventRounds "10"]
[EventCountry "BRA"]

1. e4 e6 2. d4 d5 3. exd5 exd5 4. Bd3 Bd6 5. Nf3 Nf6 6. O-O O-O 7. Re1 Bg4 8.
Bg5 Nbd7 9. Nbd2 c6 10. c3 Qc7 11. Qc2 Rfe8 12. h3 Bh5 13. Rac1 ({RR} 13. Nh4)
13... Bg6 ({RR} 13... a5 14. a4 b6 15. c4 Rxe1+ 16. Rxe1 Bg6 17. Bxg6 hxg6 18.
Bxf6 Nxf6 19. cxd5 Nxd5 20. Ne5 Bxe5 21. Rxe5 Qd7 22. Nc4 Rd8 23. Qb3 Qc7 24.
Ne3 Nf4 25. Nc2 c5 26. Qg3 Qxe5 27. dxe5 Ne2+ 28. Kh2 {Kierska,P (1107)
-Pawlowski,R (1818) Poznan POL 2019 0-1 (43)}) 14. Bxg6 hxg6 15. Nf1 $146 ({RR
} 15. Bxf6 Nxf6 16. a3 {1/2-1/2 (16) Gabriel,L (1574)-Pixa,R (1567) Berlin 2009
}) ({RR} 15. Rcd1 Nh7 16. Be3 Re7 17. Re2 f5 18. Nf1 Rae8 19. Rde1 Qb6 20. a3
Qa6 21. Kh1 Nhf8 22. Nh4 f4 23. Nxg6 Nxg6 24. Qxg6 Re6 25. Qg4 fxe3 26. Nxe3
Nf6 27. Qg5 Ne4 28. Qg4 Qd3 29. Kg1 Nf6 {Zesch,L-Sturm,B Osnabrueck 1994 0-1  
(64)}) 15... Bf4 16. Rcd1 Ne4 17. Bxf4 Qxf4 18. Qc1 Qxc1 19. Rxc1 Re7 20. Rc2
Rae8 21. Rce2 Kf8 22. N3d2 Ndf6 23. f3 Nxd2 24. Rxe7 Nxf3+ 25. gxf3 Rxe7 26.
Rxe7 Kxe7 27. Ne3 Nh5 28. Ng2 g5 29. Kf2 Nf4 30. Kg3 Nxg2 31. Kxg2 Kf6 32. Kg3
Kf5 33. a4 a5 34. b4 b6 35. Kg2 Kf4 36. Kf2 f5 37. bxa5 bxa5 38. Kg2 Ke3 39.
Kg3 Kd3 40. h4 gxh4+ 41. Kxh4 Ke3 42. Kg5 f4 43. Kf5 Kxf3 0-1

[Event "Floripa Chess Open 2024"]
[Site "Florianopolis"]
[Date "2024.01.21"]
[Round "2.204"]
[White "Esteves Neto, Antonio Francisco"]
[Black "Paiva, Gaston"]
[Result "0-1"]
[WhiteElo "1800"]
[BlackElo "1472"]
[PlyCount "62"]
[EventDate "2024.01.20"]
[EventRounds "10"]
[EventCountry "BRA"]

1. e4 e5 2. Nf3 Nc6 3. Bc4 Nf6 4. Nc3 Nxe4 5. Nxe4 d5 6. Bd3 dxe4 7. Bxe4 Bd6
8. d4 exd4 9. Bxc6+ bxc6 10. Qxd4 O-O 11. Be3 ({RR} 11. O-O Bb7 12. Bh6 gxh6
13. Qg4+ Kh8 14. Rad1 Qf6 15. Rfe1 c5 16. Rd3 Rg8 17. Qh3 Rg6 18. Rde3 Rag8 19.
Re8 Bxf3 20. Rxg8+ Rxg8 21. g3 Bc6 22. Qh5 Qf3 23. Qxf3 Bxf3 24. Re3 Bd5 25. b3
Kg7 {Pinkas,S (1309)-Alloui-Cros,B (2139) Tornelo INT 2021 0-1 (52)}) 11... Re8
$146 ({RR} 11... Be6 12. Ng5 Bf5 13. O-O-O Qe7 14. g4 c5 15. Qc4 Bd7 16. Rhe1
Rab8 17. h3 h6 18. Qe4 hxg5 19. Qxe7 Bxe7 20. Rxd7 Bd6 21. Bxg5 Rfe8 22. Rxe8+
Rxe8 23. Bd8 Bf4+ 24. Kd1 c6 25. Be7 c4 26. Rxa7 {Braga,F (2480)-Wockenfuss,K 
(2405) Germany 1990 1-0 (33)}) ({RR} 11... Be6 12. O-O Bd5 13. Ng5 f5 14. Nh3
Re8 15. Bg5 Qb8 16. Rfe1 Qb6 17. Qxb6 cxb6 18. Bf4 Bc5 19. Be3 Bd6 20. Bf4 Bf8
21. Rxe8 Rxe8 22. Be3 h6 23. Nf4 Bf7 24. Nd3 c5 25. Kf1 g5 26. Bd2 {Koch,J  
(2507)-Adams,M (2746) France 2001 0-1 (59)}) ({RR} 11... Be6 12. a3 Re8 13.
O-O-O Bd5 14. Rhe1 Re4 15. Qd3 Rg4 16. Nd4 Bxg2 17. f3 Rg6 18. Nxc6 Qf6 19.
Nxa7 h6 20. Rd2 Qxf3 21. Nb5 Bxh2 22. Rf2 Qh5 23. Rxg2 Rxg2 24. Qe4 Rb8 25.
Qxg2 Qxb5 26. Bd4 {Tokranovs,D (2340)-Bailet,P (2536) Riga 2017 1/2-1/2 (48)})
12. O-O-O h6 13. Qc3 Bd7 14. Bd4 Bf8 15. Ne5 Qg5+ 16. Kb1 c5 17. Nxd7 cxd4 18.
Qxd4 Bd6 19. c4 Rad8 20. c5 Be5 21. Qa4 Qf5+ 22. Qc2 Qe6 23. Nxe5 Qxe5 24. Rxd8
Rxd8 25. g3 Rd5 26. b4 Rd4 27. a3 Qd5 28. Re1 g6 29. Qe2 Rd2 30. Qe8+ Kh7 31.
Rc1 Qa2# 0-1

[Event "Floripa Chess Open 2024"]
[Site "Florianopolis"]
[Date "2024.01.21"]
[Round "2.205"]
[White "Philippi, Enzo Grotto"]
[Black "Turci, Vivian Da Silva"]
[Result "1/2-1/2"]
[WhiteElo "1471"]
[BlackElo "1800"]
[PlyCount "60"]
[EventDate "2024.01.20"]
[EventRounds "10"]
[EventCountry "BRA"]

1. e4 e5 2. Nf3 Nc6 3. d4 exd4 4. Nxd4 Bc5 5. Nb3 Bb6 6. Bd3 Nf6 ({RR} 6... d6
7. O-O Nge7 8. Nc3 O-O 9. Na4 f5 10. Nxb6 axb6 11. Nd2 f4 12. b3 Ng6 13. Bb2 f3
14. Nxf3 Bg4 15. Be2 Nf4 16. Nd4 Bh3 17. gxh3 Nxh3+ 18. Kh1 Nxf2+ 19. Rxf2 Rxf2
20. Bc4+ Kh8 21. Nf5 {Zimin,V (2398)-Turzo,A (2349) Dos Hermanas 2004 1/2-1/2 
(59)}) 7. Nc3 ({RR} 7. O-O O-O 8. h3 d5 9. exd5 Nxd5 10. Nc3 Be6 11. Nxd5 Qxd5
12. Bf4 Rad8 13. a3 Qd7 14. Qf3 Bxb3 15. Bxh7+ Kxh7 16. Qxb3 Nd4 17. Qc4 Qd5
18. Qd3+ Qf5 {0-1 (18) Dias,J (1746)-Zeneli,K (2148) chess.com INT 2023}) 7...
h6 8. Qe2 $146 ({RR} 8. Bd2 d5 9. exd5 Nxd5 10. Nxd5 Qxd5 11. Qe2+ Be6 12. Be4
Qd6 13. O-O-O O-O 14. Bxh6 Bd5 15. Be3 Bxe4 16. Rxd6 cxd6 17. Bxb6 Rfe8 18. Be3
Bxg2 19. Rg1 Bd5 20. Qg4 g6 21. Bh6 Re4 22. Qg5 Re6 {Kolaric,S (1564)-Frlez,P 
(1500) Murska Sobota 2006 1-0 (34)}) 8... O-O 9. f3 d6 10. Be3 Bxe3 11. Qxe3
Be6 12. O-O-O Re8 13. Rhe1 a5 14. Bb5 Bd7 15. Bxc6 Bxc6 16. Nd4 Bd7 17. h3 Nh7
18. f4 g5 19. fxg5 Qxg5 20. Qxg5+ Nxg5 21. h4 Ne6 22. Nd5 Rad8 23. Nf6+ Kg7 24.
Nxd7 Rxd7 25. Nf5+ Kg6 26. Re3 Rf8 27. h5+ Kh7 28. e5 d5 29. c4 Rfd8 30. Rdd3
d4 1/2-1/2

[Event "Floripa Chess Open 2024"]
[Site "Florianopolis"]
[Date "2024.01.21"]
[Round "2.206"]
[White "Friedrich, Augusto Johannpeter"]
[Black "Milkievicz Da Rocha, Mateus"]
[Result "0-1"]
[WhiteElo "1800"]
[BlackElo "1468"]
[PlyCount "44"]
[EventDate "2024.01.20"]
[EventRounds "10"]
[EventCountry "BRA"]

1. e4 e5 2. Nf3 Nc6 3. Bb5 a6 4. Ba4 Nf6 5. O-O Bc5 6. d3 d6 7. h3 Bd7 ({RR} 
7... h6 8. c3 O-O 9. Nbd2 Ba7 10. Re1 Ne7 11. Nf1 Ng6 12. Ng3 Nh7 13. d4 Ng5
14. Be3 Qf6 15. Nh2 Nf4 16. dxe5 dxe5 17. Bxa7 Rxa7 18. Ng4 Bxg4 19. Qxg4 b5
20. Bb3 c5 21. Bd5 g6 22. h4 {Zhu,J (2459)-Keymer,V (2591) chess24.com INT
2021 1/2-1/2 (59)}) ({RR} 7... O-O 8. a3 h6 9. Nc3 b5 10. Bb3 Rb8 11. Bd2 Bb6
12. Nd5 Nxd5 13. Bxd5 Ne7 14. Ba2 Ng6 15. c4 Qf6 16. a4 Nf4 17. Bxf4 Qxf4 18.
cxb5 axb5 19. a5 Bxa5 20. Bxf7+ Rxf7 21. Rxa5 Bxh3 22. gxh3 {Zenelaj,S (2327)
-Wagner,D (2584) chess.com INT 2023 0-1 (47)}) 8. Bg5 h6 9. Bxf6 $146 ({RR} 9.
Bh4 g5 10. Bg3 h5 11. Kh1 g4 12. Ng1 h4 13. Bh2 Qe7 14. Nc3 O-O-O 15. Nd5 Qe6
16. Nxf6 Qxf6 17. hxg4 Rdg8 18. f3 Qg6 19. Nh3 f5 20. exf5 Bxf5 21. Bxc6 bxc6
22. Qe2 Be6 23. Qe4 Qg7 {Kropik,J (2030)-Kukacka,M (2090) Ceske Budejovice
2000 1/2-1/2 (48)}) ({RR} 9. Bh4 O-O 10. Nc3 Qe8 11. Bxf6 gxf6 12. Nd5 Qd8 13.
Nh4 Kh7 14. Qh5 Be6 15. Nf5 Bxf5 16. Qxf5+ Kg7 17. c3 Rg8 18. Bd1 Kh8 19. h4
Rg6 20. Bh5 Rg7 21. Kh2 Ne7 22. Qxf6 Nxd5 23. Qxd8+ Rxd8 {Rios,J-Garzon,L Cali
2009 1/2-1/2 (33)}) 9... Qxf6 10. c3 O-O-O 11. b4 Bb6 12. b5 axb5 13. Bxb5 g5
14. Qa4 Kb8 15. d4 exd4 16. Nxd4 Be8 17. Rd1 Nxd4 18. Na3 Nf3+ 19. gxf3 Qxf3
20. Kf1 g4 21. Bxe8 g3 22. Qa8+ Kxa8 0-1

[Event "Floripa Chess Open 2024"]
[Site "Florianopolis"]
[Date "2024.01.21"]
[Round "2.208"]
[White "Mamede, Miguel Rodrigues"]
[Black "Toffoli, Vanessa"]
[Result "0-1"]
[WhiteElo "1800"]
[BlackElo "1466"]
[PlyCount "58"]
[EventDate "2024.01.20"]
[EventRounds "10"]
[EventCountry "BRA"]

1. e4 c5 2. c3 Nf6 3. e5 Nd5 4. Bc4 e6 5. d4 cxd4 6. Qxd4 Nc6 7. Qe4 Nb6 ({RR} 
7... Qc7 8. Nf3 f5 9. Qe2 Nde7 10. O-O Ng6 11. Re1 Ngxe5 12. Nxe5 Nxe5 13. Qxe5
Qxc4 14. Qxf5 Qc6 15. Nd2 b6 16. Nf3 Bb7 {1/2-1/2 (16) Strikovic,A (2520)
-Fercec,N (2405) Cannes 1996}) ({RR} 7... f5 8. exf6 Nxf6 9. Qe2 d5 10. Bb5 Bd6
11. Nf3 O-O 12. O-O a6 13. Ba4 Qc7 14. h3 Bd7 15. Rd1 Rae8 16. Nbd2 e5 17. Nf1
Nd4 18. cxd4 Bxa4 19. b3 Bb5 20. Qb2 e4 21. N3h2 Nh5 22. Ng4 {Skalka,M (1845)
-Prazak,D (2109) Stare Mesto CZE 2022 0-1 (38)}) 8. Nf3 $146 ({RR} 8. Bd3 d6 9.
exd6 Bxd6 10. Nf3 f5 11. Qe2 O-O 12. Na3 e5 13. Bg5 Be7 14. Rd1 Bd7 15. h4 Kh8
16. Bb5 e4 17. Nd4 Qe8 18. Bxc6 bxc6 19. Nac2 c5 20. Bxe7 Qxe7 21. Nb5 Be6 {
1/2-1/2 (21) Besner,B (2020)-Wagner,H (2130) Bayern 1996}) ({RR} 8. Bd3 d5 9.
exd6 Qxd6 10. Nf3 Qd5 11. O-O Qxe4 12. Bxe4 Bd7 13. Nd4 Rc8 14. Bf4 Nxd4 15.
cxd4 Bc6 16. Bxc6+ Rxc6 17. Nc3 Bb4 18. Rac1 Bxc3 {1/2-1/2 (18) Reitinger,P  
(2120)-Flek,L (1910) Czechia 2001}) 8... Nxc4 9. Qxc4 b6 10. O-O a5 11. Bf4 Ba6
12. Qe4 Bxf1 13. Kxf1 Rc8 14. Na3 Bxa3 15. bxa3 Qe7 16. Rd1 Qc5 17. Qd3 Rc7 18.
Be3 Nxe5 19. Nxe5 Qxe5 20. Bxb6 Rb7 21. Qa6 Qb8 22. Rb1 O-O 23. Qxa5 Qxh2 24.
Rb3 Qh1+ 25. Ke2 Qxg2 26. Bc5 Rxb3 27. Bxf8 Qe4+ 28. Kd1 Qd3+ 29. Kc1 Rb1# 0-1

[Event "Floripa Chess Open 2024"]
[Site "Florianopolis"]
[Date "2024.01.21"]
[Round "2.209"]
[White "Borgonovo, Fabiano"]
[Black "Candido, Eduardo Da Silva"]
[Result "1/2-1/2"]
[WhiteElo "1466"]
[BlackElo "1792"]
[PlyCount "65"]
[EventDate "2024.01.20"]
[EventRounds "10"]
[EventCountry "BRA"]

1. d4 Nf6 2. c4 g6 3. Nc3 d5 4. Nf3 Bg7 5. Bf4 O-O 6. cxd5 Nxd5 7. Nxd5 Qxd5 8.
Bxc7 Nc6 9. e3 Bg4 10. Be2 Rac8 11. Bg3 Qa5+ 12. Nd2 Bxe2 13. Qxe2 Nb4 14. O-O
Rc2 15. a3 $146 ({RR} 15. Qd1 Rfc8 16. Nb3 Qf5 17. Nc5 b6 18. e4 Qg5 19. h4 Qd2
20. Qg4 Rc6 21. Rad1 Qe2 22. Qd7 h5 23. Qe8+ Kh7 24. Nd7 Qxe4 25. Qxf7 Nd5 26.
Be5 Nf6 27. Nf8+ Kh6 28. Bf4+ {1-0 (28) Macedo,C (1806)-Alves,S (1546) Sao
Bernardo do Campo 2011}) 15... Nd5 16. b4 Qa4 17. Qf3 Qb5 18. Ne4 Nc3 19. Kh1
Ne2 20. Rfd1 Rfc8 21. Nc5 b6 22. Qb7 Nxg3+ 23. hxg3 Qc6 24. Qxc6 Rxc6 25. Nd3
Re2 26. Kg1 Rcc2 27. a4 Bh6 28. a5 Bxe3 29. fxe3 Rxg2+ 30. Kf1 Rxg3 31. axb6
axb6 32. Re1 Rgg2 33. Rac1 1/2-1/2

[Event "Floripa Chess Open 2024"]
[Site "Florianopolis"]
[Date "2024.01.21"]
[Round "2.210"]
[White "Oga, Dora Mantelle"]
[Black "Ataide, Gerson Britto"]
[Result "0-1"]
[WhiteElo "1800"]
[BlackElo "1463"]
[PlyCount "82"]
[EventDate "2024.01.20"]
[EventRounds "10"]
[EventCountry "BRA"]

1. d4 Nf6 2. c4 e6 3. Nc3 d5 4. cxd5 Nxd5 5. e4 Nxc3 6. bxc3 g6 7. Bc4 c5 8.
Ne2 Bg7 9. O-O O-O 10. Be3 cxd4 11. cxd4 Nc6 12. d5 $146 ({RR} 12. Qd2 a6 13.
Rac1 Bd7 14. d5 exd5 15. Bxd5 Qa5 16. Nc3 Rac8 17. Bh6 Bxh6 18. Qxh6 Ne5 19.
Qe3 b5 20. Bb3 Bc6 21. f4 Ng4 22. Qe2 Bb7 23. Qf3 b4 24. Qxg4 Rxc3 25. Rxc3
bxc3 26. f5 Qb6+ {Montiel,P-Lipiniks,L Buenos Aires 1946 0-1 (39)}) ({RR} 12.
Qd2 b6 13. Bg5 Qd7 14. Rad1 Na5 15. Bd3 Bb7 16. h4 Rfc8 17. h5 Nc4 18. Bxc4
Rxc4 19. h6 Bf8 20. Ng3 Rac8 21. Bf6 Bd6 22. Qg5 Bxg3 23. Qxg3 Bxe4 24. Qh4 Bb7
25. Be7 Qd5 26. f3 Qf5 {Graf,A (2649)-Baramidze,D (2297) Lausanne 2001 1/2-1/2
(38)}) ({RR} 12. Rc1 Qe7 13. Qc2 Rd8 14. Rfd1 a6 15. f3 Bd7 16. Qd2 b5 17. Bd3
Rac8 18. e5 Nb4 19. Bg5 f6 20. exf6 Bxf6 21. Bxf6 Qxf6 22. Qxb4 Bc6 23. Be4
Bxe4 24. fxe4 Qg5 25. Qb3 Rxc1 26. Rxc1 Re8 {Chuersakul,S (1528)-Sasha,P (1321)
Bangkok 2017 1-0 (40)}) ({RR} 12. Qd2 b6 13. Rad1 Bb7 14. e5 Na5 15. Bd3 Rc8
16. Bg5 Qd7 17. Qf4 Qd5 18. f3 Qxa2 19. Ng3 Qa4 20. Nh5 gxh5 21. Bf6 Bxf6 22.
exf6 Rfd8 23. Qh6 {1-0 (23) Hurme,H-Sioris,D Dresden 1969}) 12... Na5 13. Bd3
exd5 14. exd5 Qxd5 15. Nf4 Qd6 16. Rc1 b6 17. h4 Rd8 18. Qe2 Bb7 19. Rfd1 Qe5
20. Qg4 Bc8 21. Qg3 Bf5 22. Bxf5 Qxf5 23. Qf3 h5 24. Re1 Rac8 25. Rxc8 Rxc8 26.
Nd5 Qxf3 27. Ne7+ Kh7 28. gxf3 Rc2 29. Rd1 Nc4 30. f4 Nxe3 31. fxe3 Rxa2 32.
Rd7 Bf6 33. Nd5 Kg7 34. e4 Bxh4 35. e5 Kg8 36. Nf6+ Bxf6 37. exf6 Ra5 38. Rd8+
Kh7 39. Rf8 Rf5 40. Rxf7+ Kh6 41. Rf8 Rxf4 0-1

[Event "Floripa Chess Open 2024"]
[Site "Florianopolis"]
[Date "2024.01.21"]
[Round "2.211"]
[White "Andersson, Cristian De Oliveir"]
[Black "Gorgen, Raphael Rebello Hor"]
[Result "0-1"]
[WhiteElo "1461"]
[BlackElo "1779"]
[PlyCount "66"]
[EventDate "2024.01.20"]
[EventRounds "10"]
[EventCountry "BRA"]

1. c4 e6 2. e4 d5 3. exd5 exd5 4. cxd5 Nf6 5. d4 Nxd5 6. Nc3 Be6 ({RR} 6... Bb4
7. Bd2 O-O 8. Bd3 Nc6 9. Nge2 Be7 10. Nxd5 Qxd5 11. Bc3 Bf6 12. O-O g6 13. Qa4
Bd7 14. Bc4 Qd6 15. Qb3 a5 16. a4 b6 17. Rad1 Rad8 18. Ng3 Qf4 19. Ne2 Qd6 20.
Ng3 Nxd4 21. Bxd4 {Fundora Zamora,Y (2122)-Serrano Almendros,A (2200) La Zubia
ESP 2023 0-1}) 7. Nf3 Be7 8. Bd3 Nc6 9. O-O $146 ({RR} 9. Qe2 O-O 10. O-O Nf6
11. Rd1 Bg4 12. Be3 Nb4 13. Bg5 Re8 14. Qe5 Bxf3 15. gxf3 Nxd3 16. Rxd3 Nd7 17.
Bxe7 Nxe5 18. Bxd8 Nxd3 19. Bxc7 Rac8 20. Bg3 Nxb2 21. Nb5 Rcd8 22. Nc7 Re2 23.
d5 Rd2 {Brassoloto,A (1761)-Martins,A (2054) Sao Jose dos Campos 2012 0-1 (35)}
) 9... O-O 10. a3 Qd7 11. Ne4 Rad8 12. Qc2 h6 13. Rd1 Bg4 14. Be2 Rfe8 15. Nc5
Bxc5 16. dxc5 Qe6 17. Bc4 Bxf3 18. gxf3 Ne5 19. Bf4 Nxf3+ 20. Kh1 Qc6 21. Qf5
Nf6 22. Bd5 Nxd5 23. Bxh6 Qxh6 24. Qxf3 Qc6 25. Kg1 Nf6 26. Qf5 Qe4 27. Qxe4
Nxe4 28. Re1 Nxc5 29. Rxe8+ Rxe8 30. Rc1 Ne6 31. Kg2 Rd8 32. Kg3 Rd2 33. b4
Rd3+ 0-1